| 000 | 00933nam a2200265 a 4500 | ||
|---|---|---|---|
| 001 | BRCA_7341 | ||
| 005 | 20190320205812.0 | ||
| 008 | 240113s2012----mx-a######---#000-0#spa-# | ||
| 020 | _a9786079559823 | ||
| 041 | _aspa | ||
| 044 | _amx | ||
| 050 | 4 |
_aN8070 _b.R66 2012 |
|
| 100 | 1 |
_aRomero Salinas, Joel _918152 |
|
| 245 | 1 | 0 |
_aGuadalupe _bmás allá de la fe = Guadalupe : beyond the faith _cJoel Romero Salinas, Miguel Alemán Velasco. |
| 250 | _a2 | ||
| 260 |
_aMéxico _bBiblioteca Mexicana de la Fundación Miguel Alemán _c2012 |
||
| 300 |
_axxiii, 431 p. _bil. (algunas a color) _c30 cm. |
||
| 500 | _a2do. ejemplar en el Área de Investigación | ||
| 546 | _aTexto en: español e inglés | ||
| 650 | 1 | 4 |
_aGuadalupe, nuestra señora de _xArte _918153 |
| 650 | 1 | 4 |
_aArte cristiano y simbolismo _zMéxico _942 |
| 700 | 1 |
_aAlemán Velasco, Miguel _ecoaut. _918154 |
|
| 740 | 0 | _aGuadalupe : beyond the faith | |
| 942 |
_2lcc _cB |
||
| 999 |
_c7017 _d7017 |
||